Modeling the process of dehydrogenation of higher paraffins; Химия и химическая технология в XXI веке; Т. 2

Dades bibliogràfiques
Parent link:Химия и химическая технология в XXI веке: материалы XII Всероссийской научно-практической конференции студентов и молодых ученых с международным участием, Томск, 11-13 мая 2011 г./ Национальный исследовательский Томский политехнический университет (ТПУ), Институт природных ресурсов (ИПР).— , 2011
Т. 2.— 2011.— [С. 211-212]
Autor principal: Trusov A.
Altres autors: Afanasjeva Y. (научный руководитель), Ivashkina E.
Sumari:Заглавие с титульного листа
Электронная версия печатной публикации
Idioma:anglès
Publicat: 2011
Col·lecció:Секция 7. Химия и химическая технология
Matèries:
Accés en línia:http://www.lib.tpu.ru/fulltext/v/Conferences/2011/C6/C6a107.pdf
Format: MixedMaterials Electrònic Capítol de llibre
KOHA link:https://koha.lib.tpu.ru/cgi-bin/koha/opac-detail.pl?biblionumber=216505

MARC

LEADER 00000naa2a2200000 4500
001 216505
005 20260121165137.0
035 |a (RuTPU)RU\TPU\book\236477 
035 |a RU\TPU\book\236462 
090 |a 216505 
100 |a 20120525d2011 k y0rusy50 ca 
101 0 |a eng 
102 |a RU 
135 |a drnn ---uucaa 
200 1 |a Modeling the process of dehydrogenation of higher paraffins  |f A. Trusov, Y. Afanasjeva  |g research supervisor E. Ivashkina 
203 |a Text  |c electronic 
215 |a 1 файл (558 Кб) 
225 1 |a Секция 7. Химия и химическая технология 
300 |a Заглавие с титульного листа 
300 |a Электронная версия печатной публикации 
337 |a Adobe Reader 
461 1 |0 (RuTPU)RU\TPU\book\218704  |t Химия и химическая технология в XXI веке  |o материалы XII Всероссийской научно-практической конференции студентов и молодых ученых с международным участием, Томск, 11-13 мая 2011 г.  |o в 2 т.  |f Национальный исследовательский Томский политехнический университет (ТПУ), Институт природных ресурсов (ИПР)  |d 2011 
463 1 |0 (RuTPU)RU\TPU\book\218881  |t Т. 2  |v [С. 211-212]  |d 2011 
610 1 |a высшие парафины 
610 1 |a дегидрирование 
610 1 |a математическое моделирование 
610 1 |a труды учёных ТПУ 
610 1 |a электронный ресурс 
700 1 |a Trusov  |b A. 
701 1 |a Afanasjeva  |b Y. 
702 1 |a Ivashkina  |b E.  |4 727 
801 1 |a RU  |b 63413507  |c 20120118 
801 2 |a RU  |b 63413507  |c 20130218  |g RCR 
856 4 |u http://www.lib.tpu.ru/fulltext/v/Conferences/2011/C6/C6a107.pdf 
942 |c CF